Countries that are smaller than Serbia but bigger than Latvia - Statistics

General Stats
  • This quiz has been taken 161 times
  • The average score is 4 of 10
Answer Stats
Land in square km Country % Correct
62,680 Lithuania
86%
82,445 Austria
61%
77,247 Czech Republic
53%
68,883 Ireland
38%
69,700 Georgia
35%
86,100 Azerbaijan
32%
74,340 Panama
27%
83,600 United Arab Emirates
21%
62,732 Sri Lanka
19%
71,620 Sierra Leone
15%
No matching quizzes found
Score Distribution
Percent of People with Each Score
Percentile by Number Answered
Your Score History
You have not taken this quiz